书目信息 |
| 000 | 00492nam0 2200169 450 | |
| 001 | 0662674625 | |
| 005 | 20060813164847.40 | |
| 100 | @a20060705d km y0chiy0120 ea | |
| 101 | 0 | @achi |
| 200 | 1 | @a电工学@Adian gong xue@e试用教材@f山东省师专编@Fshan dong sheng shi zhuan bian |
| 215 | @a346页@d20cm | |
| 517 | 1 | @a试用教材@Ashi yong jiao cai |
| 606 | 0 | @a电工@x理论 |
| 690 | @aTM1@v3 | |
| 711 | 0 | @a山东省师专@Ashan dong sheng shi zhuan@4编 |
| 801 | 0 | @aCN@bPFT@c20060813 |
| 905 | @a10447@dTM1@e101 | |
| 电工学:试用教材/山东省师专编 |
| 346页;20cm |
| ISBN : |
| ● |
| 相关链接 |
|
|
|
|
正题名:电工学
索取号:TM1/101
 
预约/预借
| 序号 | 登录号 | 条形码 | 馆藏地/架位号 | 状态 | 备注 |
| 1 | 0421562 | 204215624 | 密集书库/ [索取号:TM1/101] | 在馆 | |
| 2 | 0437689 | 204376898 | 密集书库/ [索取号:TM1/101] | 在馆 | |
| 3 | 0438862 | 204388625 | 密集书库/ [索取号:TM1/101] | 在馆 | |
| 4 | 0452665 | 204526655 | 密集书库/ [索取号:TM1/101] | 在馆 | |
| 5 | 0452666 | 204526664 | 密集书库/ [索取号:TM1/101] | 在馆 | |
| 6 | 0452667 | 204526673 | 密集书库/ [索取号:TM1/101] | 在馆 | |
| 7 | 0452668 | 204526682 | 密集书库/ [索取号:TM1/101] | 在馆 | |
| 8 | 0452669 | 204526691 | 密集书库/ [索取号:TM1/101] | 在馆 | |
| 9 | 0452670 | 204526708 | 密集书库/ [索取号:TM1/101] | 在馆 |